|
|
|
|
| LEADER |
00761nam a22001937a 4500 |
| 005 |
20151026133047.0 |
| 008 |
111024t xxu||||| |||| 00| 0 eng d |
| 080 |
|
|
|a 294.512.14
|b KAM
|
| 100 |
|
|
|a Kameswari, M.,ed.
|e ed.by
|9 17732
|
| 245 |
|
|
|a Saiva rituals and philosophy
|c ed.by V. Kameswari, K.S. Bala Subramanian and T.V Vasudeva
|
| 300 |
|
|
|a xxxi, 180p.
|
| 653 |
|
|
|a Hindu philosophy-siva rituals
|a Siva philosophy
|
| 700 |
|
|
|a Bala Subramanian, K.S.,ed.by
|9 17730
|
| 700 |
|
|
|a Vasudeva, T.V.,ed.by
|9 17731
|
| 942 |
|
|
|c BK
|6 _
|
| 260 |
|
|
|a Chennai
|b K.S.R Institute
|c 2001
|9 17733
|
| 020 |
|
|
|a 8185170258
|
| 999 |
|
|
|c 62398
|d 62398
|
| 952 |
|
|
|0 0
|1 0
|2 udc
|4 0
|6 29451214_KAM
|7 0
|9 74951
|a UL
|b UL
|c GEN
|d 2011-10-24
|l 1
|o 294.512.14 KAM
|p G0008727
|r 2012-02-14
|s 2012-01-30
|w 2011-10-24
|y BK
|